000 005010000a22001810004500
003 MACL
005 20160228112045.0
008 160228b xxu||||| |||| 00| 0 eng d
040 _aMACL
_cMACL
041 _aHindi
082 _a590
100 _aसिंह श्री सुरेश
_941122
245 _aशिकार के पक्षी
260 _bहिन्‍दी समिति
_c1971
_aलखनउ
350 _a15
650 _aAnimals
_941123
942 _cHIN
_k590
_2ddc
999 _c26367
_d26367